| 000 | 00561nam a2200193Ia 4500 | ||
|---|---|---|---|
| 999 |
_c1780 _d1780 |
||
| 003 | OSt | ||
| 005 | 20200924105929.0 | ||
| 008 | 190216s9999||||xx |||||||||||||| ||und|| | ||
| 020 | _a9780763758684 | ||
| 040 | _coclc | ||
| 082 |
_a576.5 _bHAR/G |
||
| 100 |
_aHartl, Daniel L _94917 |
||
| 245 | 0 |
_aGenetics Analysis Of Genes And Genomes / _cDaniel L Hartl ; Elizabeth W Jones |
|
| 250 | _a7th Ed. | ||
| 260 |
_bJonesand Bartlett, _c2010. _aBoston: |
||
| 300 | _a761p | ||
| 650 | _aBotany | ||
| 942 |
_cBK _2ddc _h576.5 _iHAR/G _k576.5 _mHAR/G |
||